[Event "FAI-chT2 2021"]
[Site "Faroe Islands"]
[Date "2021.02.21"]
[Round "8.3"]
[White "Jacobsen, John"]
[Black "Gregersen, Jon"]
[Result "1/2-1/2"]
[WhiteElo "1853"]
[BlackElo "1848"]
[PlyCount "46"]
[EventDate "2020.10.04"]
[EventType "team-tourn"]
[EventRounds "10"]
[EventCountry "FAI"]
[SourceTitle "EXT 2022"]
[Source "ChessBase"]
[SourceDate "2021.10.06"]
[SourceVersion "1"]
[SourceVersionDate "2021.10.06"]
[SourceQuality "1"]
[WhiteTeam "Vestmanna"]
[BlackTeam "Sandavagur II"]
[WhiteTeamCountry "FAI"]
[BlackTeamCountry "FAI"]

1. Nf3 Nf6 2. g3 Nc6 3. d4 d5 4. Bg2 e6 5. 0-0 h6 6. c4 Bd6 7. Nc3 0-0 8. a3 a5 9. Qc2 Nb8 10. e4 Nxe4 11. Nxe4 dxe4 12. Qxe4 Nd7 13. Be3 Qf6 14. c5 Be7 15. Ne5 c6 16. Nxd7 Bxd7 17. Rfe1 Rfe8 18. Re2 Qf5 19. Bd2 Qxe4 20. Rxe4 Red8 21. Bc3 Be8 22. Ree1 Bf6 23. Red1 Kf8 1/2-1/2